| Поле | Название | Значение |
| |
Тип записи |
a |
| |
Библиографический уровень |
c |
| 001 |
Контрольный номер |
c675413c427549b8a58ced2ae0f2ce1b |
| 005 |
Дата корректировки |
20260504092550.4 |
| 010 |
Индекс ISBN |
__ |
| a |
ISBN |
978-5-0065-2834-5 |
| d |
Цена |
200-00 |
| 100 |
Данные общей обработки |
__ |
| a |
Данные общей обработки |
20250402d2025 em y0rusy028902 ca |
| 101 |
Язык документа |
0_ |
| a |
Язык текста |
rus |
| 102 |
Страна публикации |
__ |
| a |
Страна публикации |
RU |
| 105 |
Кодированные данные (монография) |
__ |
| a |
Кодированные данные (монография) |
y z 010ay |
| 181 |
Поле кодированных данных: вид содержания |
_0 |
| a |
Код вида содержания (ISBD) |
i |
| 182 |
Поле кодированных данных: тип средства |
_0 |
| a |
Код типа средства (ISBD) |
n |
| 200 |
Заглавие и сведения об ответственности |
1_ |
| a |
Заглавие |
Узнай меня, земля родная |
| f |
Первые сведения об ответственности |
Сургутское литературное объединение "Северный огонек" |
| e |
Сведения, относящиеся к заглавию |
[сборник стихов и прозы |
| g |
Последующие сведения об ответственности |
вступительное слово, дизайн обложки: Вячеслав Сазанович] |
| 203 |
Вид содержания и тип средства |
__ |
| a |
Вид содержания |
Текст |
| c |
Тип средства |
непосредственный |
| 210 |
Выходные данные |
1_ |
| a |
Место издания |
[Екатеринбург] |
| c |
Издательство |
Издательские решения |
| d |
Дата издания |
2025 |
| 215 |
Физическое описание |
__ |
| a |
Объем |
228, [9] с. |
| d |
Формат |
21 см |
| 300 |
Общие примечания |
__ |
| a |
Общие примечания |
Обязат. экз. (2025-2) |
| 300 |
Общие примечания |
__ |
| a |
Общие примечания |
Документ Национального библиотечного фонда |
| 330 |
Аннотация |
__ |
| a |
Аннотация |
Сборник поэтических и прозаических произведений 28 авторов - членов Сургутского литературного объединения "Северный огонек". |
| 333 |
Примечание о целевом назначении |
__ |
| a |
Примечание о целевом назначении |
12+. Для детей старше 12 лет |
| 464 |
Аналитический уровень |
_0 |
| 1 |
|
2001 |
| a |
|
Прощание с детским домом |
| e |
|
стихотворение |
| f |
|
Н. Сочихин |
| 1 |
|
700 1 |
| a |
|
Сочихин |
| b |
|
Н. В. |
| g |
|
Никон Васильевич |
| 4 |
|
070 |
| 464 |
Аналитический уровень |
_0 |
| 1 |
|
2001 |
| a |
|
Догорает свеча... |
| e |
|
стихотворение |
| f |
|
Л. Коробкина |
| 1 |
|
700 1 |
| a |
|
Коробкина |
| b |
|
Л. А. |
| g |
|
Любовь Александровна |
| 4 |
|
070 |
| 464 |
Аналитический уровень |
_0 |
| 1 |
|
2001 |
| a |
|
Душа Севера |
| e |
|
стихотворение |
| f |
|
В. Федина |
| 1 |
|
700 1 |
| a |
|
Федина |
| b |
|
В. Г. |
| g |
|
Виктория Григорьевна |
| 4 |
|
070 |
| 464 |
Аналитический уровень |
_0 |
| 1 |
|
2001 |
| a |
|
Девушка с коляской |
| e |
|
стихотворение |
| f |
|
А. Горский |
| 1 |
|
700 1 |
| a |
|
Горский |
| b |
|
А. |
| g |
|
Алексей |
| 4 |
|
070 |
| 464 |
Аналитический уровень |
_0 |
| 1 |
|
2001 |
| a |
|
Мы - есть Россия |
| e |
|
стихотворение |
| f |
|
А. Лазарева |
| 1 |
|
700 1 |
| a |
|
Лазарева |
| b |
|
А. В. |
| g |
|
Александра Владимировна |
| 4 |
|
070 |
| 464 |
Аналитический уровень |
_0 |
| 1 |
|
2001 |
| a |
|
Московский романс |
| e |
|
стихотворение |
| f |
|
Л. Елистратова |
| 1 |
|
700 1 |
| a |
|
Елистратова |
| b |
|
Л. Н. |
| g |
|
Людмила Николаевна |
| 4 |
|
070 |
| 464 |
Аналитический уровень |
_0 |
| 1 |
|
2001 |
| a |
|
Прекрасны северные ночи |
| e |
|
стихотворение |
| f |
|
В. Сазанович |
| 1 |
|
700 1 |
| a |
|
Сазанович |
| b |
|
В. В. |
| g |
|
Вячеслав Васильевич |
| 4 |
|
070 |
| 464 |
Аналитический уровень |
_0 |
| 1 |
|
2001 |
| a |
|
Сенокос |
| e |
|
стихотворение |
| f |
|
А. Томшин |
| 1 |
|
700 1 |
| a |
|
Томшин |
| b |
|
А. |
| g |
|
Алексей |
| 4 |
|
070 |
| 464 |
Аналитический уровень |
_0 |
| 1 |
|
2001 |
| a |
|
Эффект бабочки |
| e |
|
стихотворение |
| f |
|
С. Введенская |
| 1 |
|
700 1 |
| a |
|
Введенская |
| b |
|
С. |
| g |
|
Светлана |
| 4 |
|
070 |
| 464 |
Аналитический уровень |
_0 |
| 1 |
|
2001 |
| a |
|
Материнское |
| e |
|
стихотворение |
| f |
|
Е. Ставровский |
| 1 |
|
700 1 |
| a |
|
Ставровский |
| b |
|
Е. |
| g |
|
Евгений |
| 4 |
|
070 |
| 606 |
Тематические рубрики |
__ |
| a |
Основная рубрика |
Художественная литература |
| 2 |
Код системы |
nlr_sh |
| 606 |
Тематические рубрики |
__ |
| a |
Основная рубрика |
Современная русская литература (произведения) |
| y |
Географическая подрубрика |
Россия |
| y |
Географическая подрубрика |
Сургут |
| y |
Географическая подрубрика |
Тюменская область |
| y |
Географическая подрубрика |
Ханты-Мансийский автономный округ - Югра |
| y |
Географическая подрубрика |
ХМАО-Югра |
| 2 |
Код системы |
nlr_sh |
| 610 |
Ключевые слова |
0_ |
| a |
Ключевые слова |
краеведение |
| 610 |
Ключевые слова |
0_ |
| a |
Ключевые слова |
лирика |
| 610 |
Ключевые слова |
0_ |
| a |
Ключевые слова |
краеведческая литература |
| 610 |
Ключевые слова |
0_ |
| a |
Ключевые слова |
литературное краеведение |
| 610 |
Ключевые слова |
0_ |
| a |
Ключевые слова |
поэзия |
| 610 |
Ключевые слова |
0_ |
| a |
Ключевые слова |
стихи |
| 610 |
Ключевые слова |
0_ |
| a |
Ключевые слова |
стихотворения |
| 610 |
Ключевые слова |
0_ |
| a |
Ключевые слова |
тема любви |
| 610 |
Ключевые слова |
0_ |
| a |
Ключевые слова |
тема природы |
| 610 |
Ключевые слова |
0_ |
| a |
Ключевые слова |
патриотическая тема |
| 610 |
Ключевые слова |
0_ |
| a |
Ключевые слова |
тема Сибири |
| 610 |
Ключевые слова |
0_ |
| a |
Ключевые слова |
тема Сургута |
| 610 |
Ключевые слова |
0_ |
| a |
Ключевые слова |
тема малой родины |
| 610 |
Ключевые слова |
0_ |
| a |
Ключевые слова |
литературные сказки |
| 610 |
Ключевые слова |
0_ |
| a |
Ключевые слова |
сказки |
| 610 |
Ключевые слова |
0_ |
| a |
Ключевые слова |
рассказы |
| 686 |
Индексы других классификаций |
__ |
| 2 |
Код системы |
rubbks |
| a |
Классификационный индекс |
К84(2=411.2)6; стК84(2=411.2)6 |
| 702 |
Вторичная интеллектуальная ответственность |
_1 |
| a |
Фамилия |
Сазанович |
| b |
Имя |
В. В. |
| f |
Даты |
1975- |
| g |
Полное личное имя |
Вячеслав Васильевич |
| 4 |
Код отношения |
080 |
| 4 |
Код отношения |
570 |
| 712 |
Наименование организации (Вторичная ответственность) |
00 |
| a |
Организация/ юрисдикция |
"Северный огонек", литературное объединение |
| c |
Место постоянной организации |
Сургут |
| 801 |
Источник записи |
_0 |
| a |
Страна |
RU |
| b |
Организация |
Муниципальное бюджетное учреждение культуры "Централизованная библиотечная система" г. Сургут (Центральная городская библиотека им. А. С. Пушкина) |
| c |
Дата составления |
20250402 |
| g |
Правила каталогизации |
PSBO |
| 801 |
Источник записи |
_1 |
| a |
Страна |
RU |
| b |
Организация |
Муниципальное бюджетное учреждение культуры "Централизованная библиотечная система" г. Сургут (Центральная городская библиотека им. А. С. Пушкина) |
| c |
Дата составления |
20250402 |
| g |
Правила каталогизации |
PSBO |
| 852 |
Данные о местонахождении |
__ |
| j |
Шифр хранения |
К84(2=411.2)6 |
| i |
Авторский знак |
У 34 |
| 900 |
Макрообъекты |
__ |
| a |
Макрообъекты |
Узнай меня, земля родная, 2025 |
| 901 |
Тип документа |
__ |
| t |
Тип документа |
x |
| a |
Ответственный |
КиК/Котельникова; КиК/Обаева |
| 901 |
Тип документа |
__ |
| a |
Ответственный |
5 партия |
| 903 |
Характеристики (МАРС) |
__ |
| a |
Дата передачи |
20250402; 20260420 |
| c |
Наименование библиотеки (МАРС) |
Муниципальное бюджетное учреждение культуры "Централизованная библиотечная система" г. Сургут (Центральная городская библиотека им. А. С. Пушкина) |
| 990 |
Данные о заказе (DOS) |
__ |
| j |
Количество экземпляров (DOS) |
1; 2; 10 |
| t |
N записи в КСУ для И/У (DOS) |
202605; 202503 |